| 000 | 00503cam a22002171 4500 | ||
|---|---|---|---|
| 001 | sa 64000355 | ||
| 003 | DLC | ||
| 005 | 20260227111955.0 | ||
| 008 | 890811s1963 ii 000 0 beno | ||
| 010 | _asa 64000355 | ||
| 035 | _a(OCoLC)20162204 | ||
| 040 |
_aDLC _cWaU _dDLC |
||
| 042 | _apremarc | ||
| 050 | 0 | 0 |
_aPK1718.D475 _bS6 |
| 100 | 1 | _aDey, Bishnu. | |
| 245 | 1 | 0 | _aSmr̥ti sattā bhabishyata. |
| 260 | _c[1963] | ||
| 300 |
_a151 p. _c23 cm. |
||
| 500 | _aIn Bengali. | ||
| 500 | _aPoems. | ||
| 999 |
_c56164 _d56164 |
||